|
|
|
|
| LEADER |
00000naa0a2200000 4500 |
| 001 |
645560 |
| 005 |
20251031104040.0 |
| 035 |
|
|
|a (RuTPU)RU\TPU\network\10651
|
| 090 |
|
|
|a 645560
|
| 100 |
|
|
|a 20160111d2015 k y0rusy50 ca
|
| 101 |
0 |
|
|a rus
|
| 102 |
|
|
|a RU
|
| 135 |
|
|
|a drcn ---uucaa
|
| 181 |
|
0 |
|a i
|
| 182 |
|
0 |
|a b
|
| 200 |
1 |
|
|a Модель ядерно-физических процессов в мультиплицирующих системах на тепловых нейтронах с торием-232 и ураном-238
|f В. В. Кнышев [и др.]
|
| 203 |
|
|
|a Текст
|c электронный
|
| 225 |
1 |
|
|a Ядерные физика и технологии
|
| 300 |
|
|
|a Заглавие с титульного экрана
|
| 320 |
|
|
|a [Библиогр.: с. 196 (5 назв.)]
|
| 337 |
|
|
|a Adobe Reader
|
| 461 |
|
|
|t Современные проблемы физики и технологий
|o тезисы докладов IV международной молодежной научной школы-конференции, 17-22 марта 2015, Москва
|o в 2 ч.
|d 2015
|
| 463 |
|
|
|t Ч. 1
|v [С. 195-196]
|d 2015
|
| 610 |
1 |
|
|a труды учёных ТПУ
|
| 610 |
1 |
|
|a электронный ресурс
|
| 701 |
|
1 |
|a Кнышев
|b В. В.
|c физик
|c инженер-исследователь Томского политехнического университета
|f 1993-
|g Владимир Владимирович
|3 (RuTPU)RU\TPU\pers\37039
|9 20054
|
| 701 |
|
1 |
|a Беденко
|b С. В.
|c физик
|c доцент Томского политехнического университета, кандидант физико-математических наук
|f 1980-
|g Сергей Владимирович
|3 (RuTPU)RU\TPU\pers\25456
|9 11395
|
| 701 |
|
1 |
|a Плевака
|b М. Н.
|g Мария Николаевна
|
| 701 |
|
1 |
|a Бородай
|b А. Ю.
|g Алексей Юрьевич
|
| 701 |
|
1 |
|a Соболев
|b В. К.
|g Виталий Константинович
|
| 712 |
0 |
2 |
|a Национальный исследовательский Томский политехнический университет (ТПУ)
|b Физико-технический институт (ФТИ)
|b Кафедра физико-энергетических установок (№ 21) (ФЭУ)
|3 (RuTPU)RU\TPU\col\18730
|
| 801 |
|
2 |
|a RU
|b 63413507
|c 20171019
|g RCR
|
| 850 |
|
|
|a 63413507
|
| 856 |
4 |
|
|u http://magistr.mephi.ru/school/files/mmns2015_tezisy1.pdf#page=195
|
| 942 |
|
|
|c CF
|